000 00578nam a2200169Ia 4500
008 090711s9999 xx 000 0 und d
082 _b19122
100 _aपानसे भाऊ
245 _aमहाराष्ट्रात विनोबा
260 _bपरंधाम प्रकाशन
_c1958
300 _a184
600 _aपानसे भाऊ
630 _aमहाराष्ट्रात विनोबा
700 _aपानसे भाऊ
730 _aमहाराष्ट्रात विनोबा
942 _cBOOK
999 _c283057
_d283057